Report of the commissioner of internal revenue on the operations of the internal revenue system for the year ending june 30, 1869

Detalles Bibliográficos
Formato: Libro
Lenguaje:English
Publicado: Washington : Government Printing Office, 1869.
Materias:
Colección:Banco de datos
Acervo:Universidad Autónoma Benito Juárez de Oaxaca. Biblioteca Francisco de Burgoa. Colección histórica
Descripción Física:XX, 297 p. ; 22.5 cm.
Tema general:Economía
Notas:Portada tipográfica. Texto a renglón seguido con paginación en números arábigos y romanos y cornisas. Incluye tablas. Encuadernación en cartón con lomo y orillas en piel. Sello en tinta de los libros cedidos por Matias Romero al Instituto de Ciencias y Artes de Oaxaca. Daños por polilla
LEADER 01019nam a22001690004500
035 |a 4924 
041 0 |a eng 
245 1 0 |a Report of the commissioner of internal revenue on the operations of the internal revenue system for the year ending june 30, 1869 
260 |a Washington : Government Printing Office, 1869. 
300 |a XX, 297 p. ; 22.5 cm.  
500 |a Portada tipográfica. Texto a renglón seguido con paginación en números arábigos y romanos y cornisas. Incluye tablas. Encuadernación en cartón con lomo y orillas en piel. Sello en tinta de los libros cedidos por Matias Romero al Instituto de Ciencias y Artes de Oaxaca. Daños por polilla 
504 |a Al final de la obra está el índice de contenido 
650 1 0 |a Economía 
852 |a Universidad Autónoma "Benito Juárez" de Oaxaca, Biblioteca Francisco de Burgoa, Colección histórica 23863 
942 |c BURHIS 
943 |g Universidad Autónoma Benito Juárez de Oaxaca. Biblioteca Francisco de Burgoa. Colección histórica 
999 |c 1123767  |d 1123767